000 00571nam a2200217Ii 4500
001 17660
003 CO-ViMGA
008 241108s9999||||xx |||||||||||||| ||und||
020 _a8426134262
040 _aCO-ViMGA
_bspa
_erda
_cCO-ViMGA
041 0 _aspa
084 _aA ALI3
100 1 _aAliki.
_92639
245 1 0 _aMis manos
264 1 _aMadrid, EspaƱa : Juventud, 2005
300 _avolumen
336 _atext
_btxt
_2rdacontent
337 _aunmediated
_bn
_2rdamedia
338 _avolume
_bnc
_2rdacarrier
940 _aidficha_siabuc: 17324. -- ficha_no_siabuc:17660
999 _c39007
_d39007